000 00576nam a2200217Ia 4500
003 OSt
005 20230525095543.0
008 210423s1999 xx 000 0 und d
020 _a8121922208
040 _cAL
041 _aeng
082 _a305.4 JOSP
_223
100 _aJOSHI (Savita S)
_9113447
245 _aPerception of women towards life and work
260 _aAllahabad
_bKitab Mahal
_c1999
365 _b200
_cINR
650 _aSociology
_9113448
650 _aWomen Studies
_9113449
906 _alife ; Perception ; towards ; women ; work
942 _2ddc
_cBK
999 _c173408
_d173408